000 00822nam0a22002411 4500
001 rc\2710532
005 20260407132309.0
035 _a(NLR Aleph) 006838466
090 _a6620051
_c6620051
100 _a20110915d1934 |||y0rusy50 ca
101 0 _arus
102 _aRU
105 _ay z |||||
200 1 _aПравила капитального ремонта вагонов товарного парка...
210 _aМосква
_cизд. и 1 тип. Трансжелдориздата
_d1934
215 _aПапка, 112 с.
_d15х12 см.
710 0 1 _aСССР
_bГлавное управление вагонного хозяйства
_9483270
_3RU\NLR\AUTH\889993382
801 0 _aRU
_bNLR
_gpsbo
801 1 _aRU
_bELAR
_2rusmarc
852 _aNLR
_j34-1/61
942 _cBOOK
980 _aNB